|
|
|
|
| LEADER |
00000nam0a2200000 4500 |
| 001 |
274472 |
| 005 |
20231101234730.0 |
| 020 |
|
|
|a RU
|b 85-68354ж
|
| 035 |
|
|
|a (RuTPU)RU\TPU\book\297682
|
| 090 |
|
|
|a 274472
|
| 100 |
|
|
|a 20141105a1985 k y0rusy5003 ca
|
| 101 |
0 |
|
|a rus
|
| 102 |
|
|
|a RU
|
| 105 |
|
|
|a a z 000zy
|
| 200 |
1 |
|
|a Топология, обыкновенные дифференциальные уравнения, динамические системы
|e сборник обзорных статей
|f Академия наук СССР (АН СССР), Математический институт им. В. А. Стеклова (МИАН) ; под ред. Е. Ф. Мищенко
|
| 210 |
|
|
|a Москва
|c Наука
|d 1985
|
| 215 |
|
|
|a 254 с.
|c ил.
|
| 225 |
1 |
|
|a Труды Математического института им. В. А. Стеклова
|f АН СССР
|a Т. 169
|
| 606 |
1 |
|
|a Математика
|2 stltpush
|3 (RuTPU)RU\TPU\subj\67327
|9 83171
|
| 610 |
1 |
|
|a топология
|
| 610 |
1 |
|
|a дифференциальные уравнения
|
| 610 |
1 |
|
|a динамические системы
|
| 610 |
1 |
|
|a решение
|
| 610 |
1 |
|
|a оптимальные процессы
|
| 610 |
1 |
|
|a математическая теория
|
| 675 |
|
|
|a 51
|z rus
|v 4
|
| 702 |
|
1 |
|a Мищенко
|b Е. Ф.
|g Евгений Фролович
|4 340
|
| 712 |
0 |
2 |
|a Академия наук СССР (АН СССР)
|b Математический институт им. В. А. Стеклова (МИАН)
|2 stltpush
|3 (RuTPU)RU\TPU\col\11336
|
| 801 |
|
0 |
|a RU
|b RuMRKP
|c 19950704
|g psbo
|
| 801 |
|
1 |
|a RU
|b 63413507
|c 20141105
|
| 801 |
|
2 |
|a RU
|b 63413507
|c 20170120
|g RCR
|
| 942 |
|
|
|c BK
|